01211nam a2200313 i 4500001001000000003000900010005001700019007000300036008004100039020001500080040003000095082000700125245020000132264003200332300004500364336002700409337003300436338002800469590002600497700002800523700002700551700002900578700003100607700002700638700005000665942001400715952015100729999001700880000044111DO-SdBNP20240717143015.0ta140516s2000 sp 000 0 spa d a8474265029 aDO-SdBNPbspacBNPHUerda 422200aDiccionario de Acción Humanitaria y Cooperación al Desarrollo /cJoana Abrisketa, Alfonso Dubois, Marlen Eizaguirre, Felipe Gómez Isa, Irantzu Mendia ; director, Karlos Pérez de Armiño. aBarcelona :bIcaria,c2000. a627 páginas :bilustraciones ;c25 cm. 2rdacontentatextobtxt 2rdamediaasin mediaciónbn 2rdacarrieravolumenbnc aInventariado, 2024/BT12aAbrisketa, Joana97210812aDubois, Alfonso98611512aEizaguirre, Marle98611612aGómez Isa, Felipe98611712aMendia, Irantzu98611812aPérez Armiño, Karlos de,edirector972109 2ddccLBS1 00102ddc56708DSaBNPHUbBNPHUcCTd2014-05-16eDonado por Pedro Altarezl0o BNPHU R-PD p44111-10r2020-06-25w2020-06-25yLBS1ZNo se presta c43600d43600